MRI made easy (for beginners)

Сохранить в:
Библиографические подробности
Главный автор: CHAVHAN, Govind B.
Формат:
Язык:английский
Опубликовано: Jaypee Brothers Medical Publishers 2013
Метки: Добавить метку
Нет меток, Требуется 1-ая метка записи!

MARC

LEADER 00000nam a22000007a 4500
008 240516b |||||||| |||| 00| 0 eng d
020 |a 9789350902707 
100 |a CHAVHAN, Govind B. 
245 |a MRI made easy (for beginners)   |c Govind B. Chavhan  |g xx, 208p 
260 |b Jaypee Brothers Medical Publishers  |c 2013  |h New Delhi  |i 697128  |i 697129  |l RC78.7.C38  |m Magnetic resonance imaging 
500 |a It includes index and diagrams 
942 |a lcc  |c BK  |e Adeyemo O.O.  |f 16/05/2024 
952 |0 0  |1 0  |2 lcc  |4 0  |6 RC00787 C38  |7 0  |9 5117  |a HE  |b HOL  |c QZ  |d 2024-05-16  |l 0  |o RC78.7.C38  |p 2024-0364  |r 2024-05-16 00:00:00  |w 2024-05-16  |y BK 
952 |0 0  |1 0  |2 lcc  |4 0  |6 RC00787 C38  |7 0  |9 5118  |a HOL  |b HOL  |c QZ  |d 2024-05-16  |l 0  |o RC78.7.C38  |p 2024-0365  |r 2024-05-16 00:00:00  |w 2024-05-16  |y BK 
999 |c 2542  |d 2542